Normal view
MARC view
Entry Término temático
001 - NÚMERO DE CONTROL
- campo de control: 28313
003 - IDENTIFICADOR DEL NÚMERO DE CONTROL
- campo de control: FranzMayer
005 - FECHA Y HORA DE LA ÚLTIMA TRANSACCIÓN
- campo de control: 20190320211442.0
008 - DATOS DE LONGITUD FIJA
- campo de control de longitud fija: 190320|| aca||aabn | a|a d
040 ## - FUENTE DE LA CATALOGACIÓN
- Centro catalogador/agencia de origen: FranzMayer
- Centro/agencia transcriptor: FranzMayer
150 ## - ENCABEZAMIENTO--TÉRMINO DE MATERIA
- Término de materia o nombre geográfico como elemento de entrada: Infantil
- Subdivisión general: Cuidado e higiene
- Subdivisión geográfica: San Bartolo Tutotepec, Hidalgo
670 ## - FUENTE DE DATOS ENCONTRADOS
- Cita de la fuente: Work cat.: (FranzMayer): Lechuga Vergara, Carlos 28312, Consideraciones sobre el estado de las higienes materna e infantil en San Bartolo Tutotepec, Hgo., 1949